[Event "DEM U10/U10w 2008"]
[Site "Willingen GER"]
[Date "2008.05.12"]
[Round "4"]
[White "Sawlin, Leonid"]
[Black "Donchenko, Alexander"]
[Result "1/2-1/2"]
[Termination "normal"]
[Board "1"]
[WhiteElo "1431"]
[BlackElo "1814"]
[PlyCount "97"]
[WhiteFideId "4689542"]
[BlackFideId "24603295"]
[EventCountry "GER"]
[EventRounds "11"]
[EventType "swiss"]
[EventDate "2008.05.10"]

1. e4 c5 2. Nf3 e6 3. d4 cxd4 4. Nxd4 Nf6 5. Bd3 Nc6 6. c3 d6 7. O-O Be7 8. f4
Qc7 9. Qf3 Bd7 10. Be3 a6 11. Nd2 b5 12. e5 Nd5 13. Be4 Nxe3 14. Qxe3 Rc8 15.
Qf3 dxe5 16. Nxc6 Bxc6 17. fxe5 O-O 18. Rae1 Bxe4 19. Qxe4 Rcd8 20. Qe2 b4 21.
c4 Bc5+ 22. Kh1 Rd7 23. b3 Rfd8 24. Nf3 Bd4 25. Nxd4 Rxd4 26. Rd1 h6 27. Rxd4
Rxd4 28. h3 Qd7 29. Rf2 Rd3 30. Qc2 Qd4 31. Re2 a5 32. Kh2 Rc3 33. Qd2 Rd3 34.
Qc2 Qf4+ 35. Kg1 Rc3 36. Rf2 Qe3 37. Qd2 Qxe5 38. Qd8+ Kh7 39. Rf1 f5 40. Qd2
Qe3+ 41. Qxe3 Rxe3 42. Kf2 Rd3 43. Re1 Rd2+ 44. Re2 Rd6 45. Re5 Ra6 46. Ke3 Kg6
47. Rb5 Kf6 48. Kd4 g5 49. c5 1/2-1/2

[Event "DEM U10/U10w 2008"]
[Site "Willingen GER"]
[Date "2008.05.12"]
[Round "4"]
[White "Bluhm, Sonja Maria"]
[Black "Kasel, Ronaldo"]
[Result "1-0"]
[Termination "normal"]
[Board "2"]
[WhiteElo "1520"]
[BlackElo "1438"]
[PlyCount "123"]
[WhiteFideId "24654027"]
[BlackFideId "24660949"]
[EventCountry "GER"]
[EventRounds "11"]
[EventType "swiss"]
[EventDate "2008.05.10"]

1. e4 e5 2. Nf3 Nc6 3. Bc4 Bc5 4. c3 Nf6 5. d3 d6 6. Bb3 Bd7 7. Nbd2 O-O 8. O-O
a6 9. h3 Be6 10. Bc2 Bb6 11. Re1 Re8 12. Nf1 h6 13. Ng3 Qd7 14. d4 exd4 15.
cxd4 d5 16. e5 Nh7 17. Be3 Ne7 18. Ba4 c6 19. Rc1 Nf5 20. Nxf5 Bxf5 21. Bc2 Be6
22. Qd3 Nf8 23. Bd2 c5 24. dxc5 Bxc5 25. Bb3 Be7 26. Nd4 Rec8 27. Qg3 Rxc1 28.
Rxc1 Kh8 29. Ba5 Rc8 30. Rxc8 Qxc8 31. Qc3 Qc5 32. Qxc5 Bxc5 33. Bc3 Nd7 34.
Nf3 Ba7 35. Kf1 Kg8 36. Ke2 Kf8 37. Bb4+ Ke8 38. Bd6 Bb8 39. Bxb8 Nxb8 40. Nd4
Kd7 41. f4 Nc6 42. Nxc6 Kxc6 43. Bc2 Kc5 44. Bd3 Kd4 45. h4 Bd7 46. Kd2 Bb5 47.
Bc2 Bf1 48. g4 Bg2 49. g5 hxg5 50. hxg5 Bh3 51. g6 f6 52. exf6 gxf6 53. f5 Ke5
54. g7 Bxf5 55. Bxf5 Kxf5 56. g8=Q Ke5 57. Qb8+ Ke4 58. Qxb7 f5 59. Qxa6 f4 60.
Qd3+ Ke5 61. a4 d4 62. a5 1-0

[Event "DEM U10/U10w 2008"]
[Site "Willingen GER"]
[Date "2008.05.12"]
[Round "4"]
[White "Wiesner, Paula"]
[Black "Xiong, Ferdinand"]
[Result "0-1"]
[Termination "normal"]
[Board "3"]
[WhiteElo "1364"]
[BlackElo "1500"]
[PlyCount "126"]
[WhiteFideId "24654019"]
[BlackFideId "24654132"]
[EventCountry "GER"]
[EventRounds "11"]
[EventType "swiss"]
[EventDate "2008.05.10"]

1. e4 c5 2. c3 d5 3. exd5 Qxd5 4. d4 Nc6 5. Nf3 cxd4 6. cxd4 e5 7. Nc3 Bb4 8.
Be3 Bg4 9. Be2 exd4 10. Bxd4 f6 11. O-O Bxc3 12. bxc3 Nge7 13. Be3 O-O-O 14.
Qa4 Bxf3 15. Bxf3 Qa5 16. Qxa5 Nxa5 17. Bxa7 Rd3 18. Rac1 Nec6 19. Bb6 Nc4 20.
Be2 N6e5 21. Bxd3 Nxd3 22. Rcd1 Ndb2 23. Rb1 Re8 24. Bd4 Nd3 25. Rfd1 Na3 26.
Rb3 Nc4 27. g3 Ndb2 28. Rb1 Re2 29. Kf1 Rc2 30. Ke1 Nd3+ 31. Kf1 Nd2+ 32. Kg2
Nxb1 33. Rxb1 Rxa2 34. Rd1 Ne5 35. Re1 Ra5 36. f4 Ra2+ 37. Kh3 Nf3 38. Re7 h5
39. g4 h4 40. g5 f5 41. Bg1 Nxg1+ 42. Kxh4 Rxh2+ 43. Kg3 Rc2 44. Rxg7 Rxc3+ 45.
Kf2 Nh3+ 46. Kf1 Nxf4 47. Kf2 Ne6 48. Rg6 Kd7 49. Rg8 Rc8 50. Rg6 Ke7 51. Kg3
Kf7 52. Rf6+ Ke7 53. Rxf5 Rc5 54. Rf1 Rxg5+ 55. Kh4 b5 56. Rb1 Rc5 57. Kg3 Kd6
58. Kf3 Rc2 59. Ke3 Kc5 60. Kd3 Ra2 61. Kc3 Nd4 62. Rb4 Rc2+ 63. Kd3 Kxb4 0-1

[Event "DEM U10/U10w 2008"]
[Site "Willingen GER"]
[Date "2008.05.12"]
[Round "4"]
[White "Bilchinski, Anton"]
[Black "Wolff, Christopher"]
[Result "1/2-1/2"]
[Termination "normal"]
[Board "5"]
[WhiteElo "1477"]
[BlackElo "1373"]
[PlyCount "22"]
[WhiteFideId "24615765"]
[EventCountry "GER"]
[EventRounds "11"]
[EventType "swiss"]
[EventDate "2008.05.10"]

1. d4 d5 2. c4 e5 3. dxe5 d4 4. Nf3 Nc6 5. a3 Bg4 6. Nbd2 a5 7. h3 Bh5 8. g3
Qd7 9. Bg2 d3 10. exd3 Qxd3 11. Qe2 Qxe2+ 1/2-1/2

[Event "DEM U10/U10w 2008"]
[Site "Willingen GER"]
[Date "2008.05.12"]
[Round "4"]
[White "Grigorian, Spartak"]
[Black "Hirschmann, Jakob"]
[Result "1/2-1/2"]
[Termination "normal"]
[Board "6"]
[WhiteElo "1795"]
[BlackElo "1335"]
[PlyCount "107"]
[WhiteFideId "24661490"]
[BlackFideId "24652067"]
[EventCountry "GER"]
[EventRounds "11"]
[EventType "swiss"]
[EventDate "2008.05.10"]

1. d4 Nf6 2. c4 e6 3. g3 d5 4. Nf3 b6 5. Bg2 Bb7 6. O-O Be7 7. Nc3 O-O 8. b3 c5
9. cxd5 exd5 10. Bb2 Na6 11. e3 Re8 12. Re1 Nc7 13. Rc1 Rc8 14. Ne2 Ne6 15. Nh4
Qd7 16. Nf5 cxd4 17. Nxe7+ Qxe7 18. Nxd4 Rxc1 19. Qxc1 Nxd4 20. Bxd4 Rc8 21.
Qd2 Ne4 22. Qb2 f6 23. f3 Ng5 24. h4 Ne6 25. Kf2 Qc7 26. Bh3 Qc2+ 27. Re2 Qxb2
28. Bxb2 Rc6 29. Rd2 Kf7 30. Bf5 g6 31. Bb1 Rc7 32. b4 Rc4 33. a3 Rc7 34. Ba2
Rd7 35. e4 Nc7 36. Ke3 Ke7 37. f4 Bc6 38. Rc2 Ba4 39. Rd2 Bc6 40. e5 f5 41. Bb3
Bb7 42. a4 Na6 43. Ba3 Ke6 44. Kd4 Rc7 45. Rc2 Rxc2 46. Bxc2 Nc7 47. Bd1 h5 48.
Be2 a6 49. Ke3 Bc6 50. a5 bxa5 51. bxa5 Bb5 52. Bd6 Bxe2 53. Bxc7 Bb5 54. Kd4
1/2-1/2

[Event "DEM U10/U10w 2008"]
[Site "Willingen GER"]
[Date "2008.05.12"]
[Round "4"]
[White "Richter, Leonard"]
[Black "Bardosch, Karl"]
[Result "1-0"]
[Termination "normal"]
[Board "7"]
[WhiteElo "1379"]
[BlackElo "1274"]
[PlyCount "93"]
[WhiteFideId "12900290"]
[BlackFideId "24696480"]
[EventCountry "GER"]
[EventRounds "11"]
[EventType "swiss"]
[EventDate "2008.05.10"]

1. e4 c5 2. d4 cxd4 3. c3 dxc3 4. Nxc3 Nc6 5. Nf3 d6 6. Bc4 Bg4 7. Bxf7+ Kxf7
8. Ng5+ Ke8 9. Qxg4 Nf6 10. Qe6 Qd7 11. Qf7+ Kd8 12. Ne6+ Kc8 13. Nxf8 Qg4 14.
Qe6+ Qxe6 15. Nxe6 Kd7 16. Nf4 Nd4 17. O-O e5 18. Nfd5 Nxd5 19. Nxd5 Rac8 20.
Be3 Nc2 21. Bxa7 Rc6 22. Rac1 Nd4 23. Bxd4 exd4 24. Rxc6 bxc6 25. Nf4 Rb8 26.
b3 g5 27. Nd3 Ke6 28. g3 h5 29. f4 gxf4 30. gxf4 Ra8 31. a4 c5 32. e5 dxe5 33.
fxe5 c4 34. bxc4 Rxa4 35. Nc5+ Kxe5 36. Nxa4 d3 37. Kf2 Kd4 38. Ke1 Ke3 39. c5
d2+ 40. Kd1 h4 41. c6 h3 42. c7 Kd3 43. c8=Q Ke3 44. Qxh3+ Ke4 45. Qg3 Kd4 46.
Rf4+ Kd5 47. Qg5+ 1-0

[Event "DEM U10/U10w 2008"]
[Site "Willingen GER"]
[Date "2008.05.12"]
[Round "4"]
[White "Birnkraut, Tim"]
[Black "Bach, Jannik"]
[Result "0-1"]
[Termination "normal"]
[Board "8"]
[WhiteElo "1235"]
[BlackElo "1642"]
[PlyCount "46"]
[WhiteFideId "24609587"]
[BlackFideId "24615900"]
[EventCountry "GER"]
[EventRounds "11"]
[EventType "swiss"]
[EventDate "2008.05.10"]

1. e4 e5 2. Nf3 Nc6 3. Bc4 Bc5 4. c3 Nf6 5. d4 exd4 6. e5 d5 7. Bb5 Ne4 8. cxd4
Bb6 9. O-O Bg4 10. Qd3 O-O 11. Bxc6 bxc6 12. Nbd2 Bf5 13. Nxe4 Bxe4 14. Qc3
Bxf3 15. gxf3 f6 16. Kh1 fxe5 17. dxe5 c5 18. Be3 d4 19. Qb3+ Kh8 20. Bd2 Qe8
21. e6 Qc6 22. e7 Rxf3 23. Qd1 Rxf2+ 0-1

[Event "DEM U10/U10w 2008"]
[Site "Willingen GER"]
[Date "2008.05.12"]
[Round "4"]
[White "Manusina, Nicole"]
[Black "Sabirov, Ramil"]
[Result "1/2-1/2"]
[Termination "normal"]
[Board "9"]
[WhiteElo "1601"]
[BlackElo "1270"]
[PlyCount "58"]
[WhiteFideId "24657514"]
[BlackFideId "12900303"]
[EventCountry "GER"]
[EventRounds "11"]
[EventType "swiss"]
[EventDate "2008.05.10"]

1. d4 Nf6 2. c4 g6 3. Nc3 d5 4. Nf3 Bg7 5. Qb3 dxc4 6. Qxc4 Be6 7. Qb4 Bd5 8.
e3 Nc6 9. Qa4 O-O 10. Be2 Re8 11. O-O a6 12. Nxd5 Nxd5 13. Bd2 Nb6 14. Qc2 Qd6
15. Bc3 Nd5 16. a3 b5 17. b4 e5 18. dxe5 Nxe5 19. Bxe5 Bxe5 20. Nxe5 Qxe5 21.
Bf3 Red8 22. Qc5 Qd6 23. Bxd5 Qxc5 24. Bxf7+ Kxf7 25. bxc5 Rd5 26. Rfc1 Re8 27.
Rc3 Ree5 28. Rac1 c6 29. Kf1 a5 1/2-1/2

[Event "DEM U10/U10w 2008"]
[Site "Willingen GER"]
[Date "2008.05.12"]
[Round "4"]
[White "Keller, Peter"]
[Black "Myagkov, Kirill"]
[Result "1-0"]
[Termination "normal"]
[Board "10"]
[WhiteElo "1217"]
[BlackElo "1582"]
[PlyCount "85"]
[WhiteFideId "1272105"]
[BlackFideId "24657042"]
[EventCountry "GER"]
[EventRounds "11"]
[EventType "swiss"]
[EventDate "2008.05.10"]

1. e4 d5 2. exd5 Nf6 3. d4 Nxd5 4. c4 Nf6 5. Nf3 Bg4 6. Be3 e6 7. Nc3 Bb4 8. a3
Be7 9. h3 Bh5 10. g4 Bg6 11. Ne5 Be4 12. Nxe4 Nxe4 13. Bg2 f5 14. gxf5 exf5 15.
Bxe4 fxe4 16. Qh5+ g6 17. Nxg6 Kd7 18. Nxh8 Qxh8 19. Qg4+ Kd8 20. Rg1 Nd7 21.
Qg8+ Qxg8 22. Rxg8+ Bf8 23. Bh6 Ke7 24. Bxf8+ Rxf8 25. Rxf8 Nxf8 26. O-O-O Ng6
27. Re1 Kd6 28. Rxe4 a5 29. b4 a4 30. Kd2 c6 31. Ke3 b5 32. c5+ Kd5 33. Kd3 h5
34. f4 h4 35. f5 Nf4+ 36. Ke3 Nxh3 37. Rxh4 Ng5 38. f6 Nf7 39. Rh7 Nd8 40. Rd7+
Ke6 41. Rxd8 Kxf6 42. d5 cxd5 43. Rxd5 1-0

[Event "DEM U10/U10w 2008"]
[Site "Willingen GER"]
[Date "2008.05.12"]
[Round "4"]
[White "Wagner, Robert"]
[Black "Nobis, Anna"]
[Result "1-0"]
[Termination "normal"]
[Board "11"]
[WhiteElo "1561"]
[BlackElo "1189"]
[PlyCount "125"]
[WhiteFideId "24656879"]
[BlackFideId "1270302"]
[EventCountry "GER"]
[EventRounds "11"]
[EventType "swiss"]
[EventDate "2008.05.10"]

1. d4 d5 2. c4 c6 3. Nf3 e6 4. Nc3 Be7 5. Bf4 Nf6 6. e3 O-O 7. Qc2 Nbd7 8. cxd5
exd5 9. Bd3 Re8 10. O-O Nf8 11. Rfe1 Ng6 12. Bg3 Bg4 13. Ne5 Bd6 14. Nxg4 Nxg4
15. Bf5 Bxg3 16. hxg3 Nf6 17. Qb3 Qc7 18. Rac1 Rad8 19. Qb4 Ne4 20. Nxe4 dxe4
21. Bxg6 fxg6 22. Qc4+ Qf7 23. Qxf7+ Kxf7 24. Rc5 Rd5 25. Rec1 Rxc5 26. Rxc5
Kg8 27. Kf1 Rf8 28. Re5 Rf5 29. Rxf5 gxf5 30. Ke2 Kf7 31. Kd2 Ke6 32. Kc3 Kd5
33. b4 b6 34. a3 a6 35. Kb3 c5 36. dxc5 bxc5 37. Kc3 cxb4+ 38. axb4 Kc6 39. Kc4
g6 40. Kb3 Kb5 41. Kc3 a5 42. bxa5 Kxa5 43. Kd4 Kb4 44. f3 exf3 45. gxf3 h6 46.
e4 fxe4 47. fxe4 g5 48. g4 h5 49. gxh5 g4 50. Ke3 g3 51. Kf3 Kc4 52. h6 g2 53.
Kxg2 Kd4 54. h7 Kxe4 55. h8=Q Kd5 56. Qe8 Kd6 57. Kf3 Kd5 58. Ke3 Kd6 59. Kd4
Kc7 60. Kc5 Kb7 61. Qe7+ Ka6 62. Qf7 Ka5 63. Qa2# 1-0

[Event "DEM U10/U10w 2008"]
[Site "Willingen GER"]
[Date "2008.05.12"]
[Round "4"]
[White "von Ehr, Lukas"]
[Black "Srokovskiy, Andrea"]
[Result "1/2-1/2"]
[Termination "normal"]
[Board "12"]
[WhiteElo "1190"]
[BlackElo "1528"]
[PlyCount "28"]
[BlackFideId "4624947"]
[EventCountry "GER"]
[EventRounds "11"]
[EventType "swiss"]
[EventDate "2008.05.10"]

1. e4 c5 2. d4 cxd4 3. c3 dxc3 4. Nxc3 Nc6 5. Nf3 a6 6. Bc4 d6 7. a4 Nf6 8. O-O
Bg4 9. Qb3 d5 10. exd5 Na5 11. Qa2 Bxf3 12. gxf3 Rc8 13. Be2 Qb6 14. Be3 Qb3
1/2-1/2

[Event "DEM U10/U10w 2008"]
[Site "Willingen GER"]
[Date "2008.05.12"]
[Round "4"]
[White "Baskin, Robert"]
[Black "Peters, Tom"]
[Result "0-1"]
[Termination "normal"]
[Board "13"]
[WhiteElo "1186"]
[BlackElo "1472"]
[PlyCount "50"]
[WhiteFideId "24662402"]
[BlackFideId "24694444"]
[EventCountry "GER"]
[EventRounds "11"]
[EventType "swiss"]
[EventDate "2008.05.10"]

1. e4 c5 2. Nf3 Nc6 3. d4 cxd4 4. Nxd4 g6 5. Nc3 Bg7 6. Be3 Nf6 7. Be2 O-O 8.
O-O d6 9. h3 a6 10. a4 Bd7 11. Qd2 Rc8 12. Bd3 Nxd4 13. Bxd4 Bc6 14. a5 d5 15.
Bb6 Qd7 16. exd5 Nxd5 17. Rfe1 Nxc3 18. bxc3 Bd5 19. Bd4 Bc6 20. Re2 Bxd4 21.
cxd4 Qxd4 22. Rxe7 Qxa1+ 23. Kh2 Rce8 24. Rxe8 Rxe8 25. Qf4 Qe5 0-1

[Event "DEM U10/U10w 2008"]
[Site "Willingen GER"]
[Date "2008.05.12"]
[Round "4"]
[White "Storch, Domenic"]
[Black "Hemprich, Iustus"]
[Result "1/2-1/2"]
[Termination "normal"]
[Board "14"]
[WhiteElo "1338"]
[BlackElo "1184"]
[PlyCount "37"]
[WhiteFideId "16200470"]
[EventCountry "GER"]
[EventRounds "11"]
[EventType "swiss"]
[EventDate "2008.05.10"]

1. d4 d5 2. c4 c6 3. Nc3 Nf6 4. Nf3 e6 5. Bg5 Be7 6. e3 O-O 7. b3 h6 8. Bh4
Nbd7 9. Bd3 Qc7 10. O-O e5 11. Bg3 Bd6 12. c5 Be7 13. b4 Nh5 14. Bxe5 Nxe5 15.
Nxe5 Nf6 16. Qb3 Nd7 17. Nxd7 Bxd7 18. Rad1 Rab8 19. Qa3 1/2-1/2

[Event "DEM U10/U10w 2008"]
[Site "Willingen GER"]
[Date "2008.05.12"]
[Round "4"]
[White "Dürr, Florian"]
[Black "Dresig, Moritz"]
[Result "0-1"]
[Termination "normal"]
[Board "15"]
[WhiteElo "1325"]
[BlackElo "1181"]
[PlyCount "156"]
[WhiteFideId "24659134"]
[BlackFideId "1270307"]
[EventCountry "GER"]
[EventRounds "11"]
[EventType "swiss"]
[EventDate "2008.05.10"]

1. e4 e5 2. Nf3 Nc6 3. Bb5 a6 4. Ba4 Nf6 5. O-O Be7 6. d3 O-O 7. Bxc6 dxc6 8.
Nxe5 Qd6 9. Nc4 Qd8 10. Nc3 Bd6 11. e5 Bc5 12. exf6 Qxf6 13. Ne4 Qe7 14. Nxc5
Qxc5 15. Be3 Qe7 16. c3 Rd8 17. Re1 Qd7 18. Ne5 Qd5 19. Bd4 c5 20. Bxc5 Qxc5
21. d4 Qd5 22. c4 Qd6 23. b3 Bf5 24. Qf3 Bg6 25. Nxg6 Qxg6 26. Qxb7 c6 27. Re2
h6 28. Rae1 Kh7 29. Re7 Re8 30. h3 Rxe7 31. Rxe7 Rd8 32. Rxf7 Rxd4 33. Rf3 Rd6
34. Rg3 Rd1+ 35. Kh2 Qf6 36. Qxa6 Qa1 37. Rg4 Rh1+ 38. Kg3 Qc3+ 39. Kh4 g5+ 40.
Rxg5 hxg5+ 41. Kh5 Qg7 42. Qxc6 Ra1 43. Qe4+ Kh8 44. Kg4 Rxa2 45. Qe8+ Kh7 46.
Qh5+ Kg8 47. Qxg5 Rxf2 48. Qxg7+ Kxg7 49. g3 Rb2 50. h4 Rxb3 51. Kf4 Rc3 52. g4
Rxc4+ 53. Kg5 Rc5+ 54. Kf4 Kf6 55. Ke4 Ra5 56. Kf4 Kg6 57. Ke4 Kh6 58. Kf4 Kh7
59. Ke4 Kg6 60. Kf3 Ra4 61. Kg3 Re4 62. Kf3 Re1 63. Kg2 Re3 64. Kh2 Kf6 65. Kg2
Ke5 66. h5 Kf4 67. h6 Kxg4 68. h7 Rh3 69. h8=Q Rxh8 70. Kf2 Rh3 71. Kf1 Kg3 72.
Kg1 Rh2 73. Kf1 Rg2 74. Ke1 Kf3 75. Kf1 Re2 76. Kg1 Ra2 77. Kh1 Kg3 78. Kg1
Ra1# 0-1

[Event "DEM U10/U10w 2008"]
[Site "Willingen GER"]
[Date "2008.05.12"]
[Round "4"]
[White "Titgemeyer, Eva Maria"]
[Black "Wendland, Tobias"]
[Result "0-1"]
[Termination "normal"]
[Board "16"]
[WhiteElo "1180"]
[BlackElo "1314"]
[PlyCount "96"]
[WhiteFideId "24655350"]
[BlackFideId "24662267"]
[EventCountry "GER"]
[EventRounds "11"]
[EventType "swiss"]
[EventDate "2008.05.10"]

1. e4 e6 2. d4 d5 3. exd5 exd5 4. Bd3 c5 5. dxc5 Bxc5 6. Nf3 Nf6 7. O-O Bg4 8.
Bf4 O-O 9. Re1 Qb6 10. Qe2 Qxb2 11. Nbd2 Qb6 12. Reb1 Qc6 13. Bb5 Qe6 14. Qxe6
fxe6 15. Bd3 b6 16. Ne5 Bd4 17. h3 Bxa1 18. Rxa1 Bh5 19. Re1 Nbd7 20. Nc6 Rfe8
21. Nd4 e5 22. Bxe5 Rxe5 23. Rxe5 Nxe5 24. Bf5 Bg6 25. Be6+ Bf7 26. Bxf7+ Kxf7
27. Kf1 Re8 28. f4 Ng6 29. N2f3 Nxf4 30. Ng5+ Kg6 31. h4 Ne4 32. Nxe4 dxe4 33.
g4 e3 34. h5+ Kg5 35. Ne2 Nxe2 36. Kxe2 Kxg4 37. c4 Kxh5 38. a4 g5 39. a5 g4
40. axb6 axb6 41. Kf1 e2+ 42. Ke1 g3 43. c5 g2 44. Kf2 e1=Q+ 45. Kxg2 Rf8 46.
cxb6 Qf1+ 47. Kg3 Rg8+ 48. Kh2 Qg2# 0-1

[Event "DEM U10/U10w 2008"]
[Site "Willingen GER"]
[Date "2008.05.12"]
[Round "4"]
[White "Riehle, Marco"]
[Black "Müller, Constantin"]
[Result "0-1"]
[Termination "normal"]
[Board "18"]
[WhiteElo "1000"]
[BlackElo "1275"]
[PlyCount "66"]
[WhiteFideId "12904392"]
[BlackFideId "24697630"]
[EventCountry "GER"]
[EventRounds "11"]
[EventType "swiss"]
[EventDate "2008.05.10"]

1. e4 e6 2. Qe2 c6 3. Nf3 d5 4. d3 dxe4 5. dxe4 Nf6 6. g3 Bc5 7. Bg2 O-O 8. Bg5
h6 9. Bh4 Nbd7 10. e5 Qa5+ 11. Qd2 Bxf2+ 12. Kxf2 Ne4+ 13. Ke3 Nxd2 14. Nbxd2
Nxe5 15. Nxe5 Qxe5+ 16. Ne4 f5 17. Kd3 fxe4+ 18. Bxe4 b6 19. Rhf1 Ba6+ 20. c4
Bxc4+ 21. Kxc4 Qxe4+ 22. Kc3 Qe3+ 23. Kb4 a5+ 24. Kc4 Qe2+ 25. Kc3 Rxf1 26.
Rxf1 Qxf1 27. g4 Qh3+ 28. Bg3 Rd8 29. Kc4 Qf1+ 30. Kb3 Qd3+ 31. Ka4 Qc4+ 32.
Ka3 Rd3+ 33. b3 Qc1+ 0-1

[Event "DEM U10/U10w 2008"]
[Site "Willingen GER"]
[Date "2008.05.12"]
[Round "4"]
[White "Engert, Marvin"]
[Black "Lagunov, Rafael"]
[Result "0-1"]
[Termination "normal"]
[Board "19"]
[WhiteElo "1271"]
[BlackElo "1150"]
[PlyCount "84"]
[WhiteFideId "12901164"]
[BlackFideId "24652644"]
[EventCountry "GER"]
[EventRounds "11"]
[EventType "swiss"]
[EventDate "2008.05.10"]

1. e4 c5 2. Nf3 Nc6 3. d4 cxd4 4. Nxd4 Nf6 5. Nc3 e5 6. Nf3 Bb4 7. Bd3 d5 8.
Nd2 Bxc3 9. bxc3 O-O 10. O-O Be6 11. Qe2 Rc8 12. Bb2 Qc7 13. Rfe1 Rfe8 14. Nf3
Bg4 15. h3 Bh5 16. Rad1 Bg6 17. Nd2 Na5 18. exd5 Nxd5 19. c4 Nf4 20. Qe3 f6 21.
Bc3 Nc6 22. Rb1 Rcd8 23. Bxg6 hxg6 24. Rb2 Nd4 25. Bxd4 exd4 26. Qxe8+ Rxe8 27.
Rxe8+ Kf7 28. Re4 d3 29. cxd3 Nxd3 30. Rb3 Nc5 31. Rbe3 Nxe4 32. Rxe4 Qd6 33.
Nf3 Qd1+ 34. Re1 Qc2 35. g4 Qxc4 36. g5 Qxa2 37. h4 b5 38. Nd4 b4 39. Nc6 b3
40. Re7+ Kf8 41. Rxa7 Qxa7 42. Nxa7 b2 0-1

[Event "DEM U10/U10w 2008"]
[Site "Willingen GER"]
[Date "2008.05.12"]
[Round "4"]
[White "Berkov, Mikhail"]
[Black "Weis, Olga"]
[Result "1-0"]
[Termination "normal"]
[Board "20"]
[WhiteElo "1402"]
[BlackElo "1027"]
[PlyCount "55"]
[WhiteFideId "24678783"]
[BlackFideId "1270234"]
[EventCountry "GER"]
[EventRounds "11"]
[EventType "swiss"]
[EventDate "2008.05.10"]

1. e4 e5 2. Nf3 Nc6 3. Bb5 d6 4. d4 Bd7 5. Nc3 a6 6. Bxc6 bxc6 7. dxe5 dxe5 8.
Nxe5 Bd6 9. Nc4 Qe7 10. Nxd6+ cxd6 11. Bf4 d5 12. O-O dxe4 13. Re1 Nf6 14. Bg5
O-O 15. Nxe4 Qd8 16. Nxf6+ gxf6 17. Bh6 Re8 18. Qf3 Rxe1+ 19. Rxe1 Qa5 20. Qg3+
Qg5 21. Bxg5 fxg5 22. Qxg5+ Kh8 23. Qf6+ Kg8 24. g4 Be6 25. f4 Bxa2 26. h4 Kf8
27. b3 Re8 28. Re7 1-0

[Event "DEM U10/U10w 2008"]
[Site "Willingen GER"]
[Date "2008.05.12"]
[Round "4"]
[White "Scholz, Robert"]
[Black "Kempe, Anne"]
[Result "1-0"]
[Termination "normal"]
[Board "21"]
[WhiteElo "1295"]
[BlackElo "1103"]
[PlyCount "123"]
[WhiteFideId "1270301"]
[BlackFideId "12918083"]
[EventCountry "GER"]
[EventRounds "11"]
[EventType "swiss"]
[EventDate "2008.05.10"]

1. e4 c5 2. Nc3 Nc6 3. Bc4 g6 4. Nf3 Bg7 5. d3 Nf6 6. Bg5 O-O 7. O-O b6 8. Qd2
Bb7 9. Bh6 Qc7 10. Bxg7 Kxg7 11. h3 Rad8 12. a3 Ne5 13. Nxe5 Qxe5 14. f4 Qc7
15. Qf2 a6 16. Rac1 b5 17. Bb3 c4 18. Ba2 Qc6 19. Rfe1 d6 20. b3 cxb3 21. cxb3
Qc5 22. Qxc5 dxc5 23. Rcd1 Rd7 24. b4 cxb4 25. axb4 Rfd8 26. Bb1 Rd4 27. Re2
Rxb4 28. Rf2 a5 29. f5 Bc6 30. fxg6 hxg6 31. Ba2 e6 32. Bb1 Rbd4 33. Rdf1 Ne8
34. Rxf7+ Kg8 35. R7f4 b4 36. Ne2 R4d7 37. Rg4 Kg7 38. Nf4 b3 39. Nxe6+ Kh8 40.
Rh4+ Rh7 41. Rxh7+ Kxh7 42. Nxd8 a4 43. Nxc6 a3 44. Nb4 Nc7 45. Rf7+ Kh6 46.
Rxc7 a2 47. Nxa2 bxa2 48. Bxa2 Kh5 49. Bf7 Kg5 50. Re7 Kf6 51. Ra7 Kg5 52. Ra6
Kf4 53. Bxg6 Ke3 54. e5 Kd4 55. e6 Ke3 56. Bf7 Kd2 57. e7 Kc3 58. d4 Kd3 59. d5
Ke4 60. d6 Ke5 61. d7 Kd4 62. d8=Q+ 1-0

[Event "DEM U10/U10w 2008"]
[Site "Willingen GER"]
[Date "2008.05.12"]
[Round "4"]
[White "Borrink, Guido"]
[Black "Riasanow, Nikita"]
[Result "0-1"]
[Termination "normal"]
[Board "22"]
[WhiteElo "1098"]
[BlackElo "1259"]
[PlyCount "62"]
[WhiteFideId "1270502"]
[EventCountry "GER"]
[EventRounds "11"]
[EventType "swiss"]
[EventDate "2008.05.10"]

1. d4 Nf6 2. Nf3 g6 3. Bf4 Bg7 4. e3 d6 5. Nc3 O-O 6. Bc4 Bf5 7. h3 Nc6 8. O-O
Qd7 9. Re1 Rfe8 10. e4 d5 11. exd5 Nb4 12. Rc1 Nbxd5 13. Nxd5 Nxd5 14. Bh2 Nb6
15. Bb3 e6 16. c3 Rad8 17. g4 Bxg4 18. hxg4 e5 19. Nxe5 Bxe5 20. Bxe5 Kf8 21.
f3 Re7 22. Rf1 Qc6 23. Qd2 Kg8 24. Qh6 Rxe5 25. dxe5 Qc5+ 26. Kh1 Qxe5 27. Qh2
Qg5 28. Qxc7 Rd7 29. Qb8+ Rd8 30. Qxa7 Qh4+ 31. Kg2 Rd2+ 0-1

[Event "DEM U10/U10w 2008"]
[Site "Willingen GER"]
[Date "2008.05.12"]
[Round "4"]
[White "Reimers, Juri"]
[Black "Koch, Elisabeth"]
[Result "1-0"]
[Termination "normal"]
[Board "23"]
[WhiteElo "1207"]
[BlackElo "1097"]
[PlyCount "89"]
[WhiteFideId "24661511"]
[BlackFideId "24695068"]
[EventCountry "GER"]
[EventRounds "11"]
[EventType "swiss"]
[EventDate "2008.05.10"]

1. e4 e5 2. Nf3 Nc6 3. Bb5 a6 4. Bxc6 dxc6 5. O-O f6 6. Nxe5 fxe5 7. Qh5+ Kd7
8. Qxe5 Qf6 9. Qg3 Bd6 10. f4 Qd4+ 11. Qe3 Qxe3+ 12. dxe3 Nf6 13. e5 Ne4 14.
exd6 cxd6 15. Nd2 Nc5 16. b4 Na4 17. Rb1 Nc3 18. Rb3 Nd5 19. e4 Ne7 20. Nc4 Kc7
21. Bb2 Rg8 22. Rg3 g6 23. Rd1 d5 24. Be5+ Kd7 25. Nb6+ Kd8 26. Nxa8 d4 27.
Rxd4+ Ke8 28. Nc7+ Kf8 29. Rd8+ Kf7 30. Rxg8 Kxg8 31. f5 Kf8 32. Bd6 gxf5 33.
exf5 Bxf5 34. Rf3 Kg7 35. Bxe7 Bxc2 36. Ne6+ Kg6 37. Rf6+ Kh5 38. Nf4+ Kg4 39.
h3+ Kg3 40. Ne2+ Kh4 41. Rxc6+ Kh5 42. Rxc2 Kg6 43. Nc3 Kf7 44. Kf2 Kxe7 45.
Rd2 1-0

[Event "DEM U10/U10w 2008"]
[Site "Willingen GER"]
[Date "2008.05.12"]
[Round "4"]
[White "Wanner, Lukas"]
[Black "Gheng, Christian"]
[Result "0-1"]
[Termination "normal"]
[Board "24"]
[WhiteElo "1001"]
[BlackElo "1177"]
[PlyCount "132"]
[WhiteFideId "12918148"]
[BlackFideId "24660345"]
[EventCountry "GER"]
[EventRounds "11"]
[EventType "swiss"]
[EventDate "2008.05.10"]

1. d4 d5 2. c4 e6 3. Nc3 c5 4. e3 Nc6 5. Nf3 Nf6 6. Be2 Be7 7. O-O O-O 8. Na4
b6 9. b3 Ne4 10. Bd3 Nf6 11. Bb2 Nb4 12. Bb1 Bb7 13. a3 Nc6 14. Qd3 dxc4 15.
bxc4 Na5 16. d5 g6 17. e4 Nh5 18. Qc3 Bf6 19. e5 Nf4 20. Qe3 Bg5 21. Nd2 Nxg2
22. Qg3 Bxd2 23. Qxg2 Nxc4 24. Be4 exd5 25. Bf3 Qg5 26. Qxg5 Bxg5 27. Rfd1 Nd2
28. Bg2 Ne4 29. f3 Be3+ 30. Kf1 Ba6+ 31. Rd3 Bxd3+ 32. Ke1 Nf2 33. f4 Rfe8 34.
Nc3 Be4 35. Bf1 Nd3+ 36. Bxd3 Bxd3 37. Nxd5 Bd4 38. Bxd4 cxd4 39. Nf6+ Kg7 40.
Nxe8+ Rxe8 41. Rd1 Bf5 42. Rxd4 Rc8 43. a4 Rc2 44. Rd8 Rc4 45. a5 bxa5 46. Rd5
Rxf4 47. Rxa5 Rh4 48. Rxa7 Re4+ 49. Kf2 Rxe5 50. Ra3 Rc5 51. Kg3 Rd5 52. Ra7
Rd3+ 53. Kg2 Rd2+ 54. Kg3 h5 55. Rb7 g5 56. Rb5 h4+ 57. Kf3 Be6 58. Rxg5+ Kh6
59. Rg8 Rxh2 60. Rg1 Rh1 61. Rg8 h3 62. Rh8+ Kg5 63. Rg8+ Kf6 64. Rh8 Bd5+ 65.
Kg3 h2 66. Rh5 Rg1+ 0-1